00404nam a2200157Ia 45000010006000000050017000060080041000230410008000640820015000721000044000872450062001312600009001933000028002026500008002306540008002381939420260306172650.0260306t2000||||xx |||||||||||||| ||spa|| aESP a659.1bF49 aFigueroa Bermúdez, Romeo AntonioeAUT 0aCómo hacer publicidad:bun enfoque teórico-práctico c2000 a407 páginas :c23 cm. aGEN aCAN